000
00294nam a2200121Ia 4500
008
220120s9999||||xx |||||||||||||| ||und||
082
_a
530 BAS
100
_a
Basavaraj, B
_9
1209
245
0
_a
Text book of engineering physics
260
_a
Omkar
_c
2012
300
_b
245
650
_a
MATHEMATICS
999
_c
137185
_d
137185